| 000 | 00922nam a2200277 a 4500 | ||
|---|---|---|---|
| 001 | BRL_564 | ||
| 005 | 20190320210813.0 | ||
| 008 | 030913s1928----mx-a######---#000-0#spa-# | ||
| 041 | _aspa | ||
| 044 | _amx | ||
| 050 | 4 |
_aF1219 _b.C37 1928 |
|
| 100 | 1 |
_aCaso, Alfonso _917369 |
|
| 245 | 1 | 0 |
_aLas estelas zapotecas _cpor Alfonso Caso. |
| 260 |
_aMéxico _bTalleres Gráficos de la Nación _c1928 |
||
| 300 |
_a204 p. _bil. _c24 cm. _e1 plano de la zona arqueologica de Monte Alaban Oaxaca |
||
| 500 | _aEstado físico: encuadernado, febrero 2014 | ||
| 500 | _aAu601 | ||
| 504 | _aBibliografía: p. 197-204 | ||
| 650 | 1 | 4 |
_aEstela (arqueología) _zMonte Albán (Oaxaca) _924302 |
| 650 | 1 | 4 |
_aLenguaje Zapoteco _xEscritura _924303 |
| 651 | 4 |
_aMonte Albán (México) _924304 |
|
| 651 | 4 |
_aMéxico _xAntigüedades _92765 |
|
| 710 | 2 |
_aSecretaría de Educación Pública (México) _916994 |
|
| 902 | _aGRL | ||
| 942 |
_2lcc _cB |
||
| 999 |
_c9376 _d9376 |
||